| 000 | 00446nam a22001817a 4500 | ||
|---|---|---|---|
| 003 | koha_MIRAKIL | ||
| 005 | 20231213095411.0 | ||
| 008 | 231213b |||||||| |||| 00| 0 ||| d | ||
| 020 | _b978-9-75403157-7 | ||
| 040 |
_aTR-IsEVY _btur _cTR-IsEVY |
||
| 082 | _a500 MOL/T | ||
| 100 | _aMOLE, KAREN BRYANT. | ||
| 245 | 0 | _aTOPLAMA VE ÇIKARTMA. | |
| 260 |
_bTÜBİTAK, _c2008 |
||
| 300 | _a[ ] p. | ||
| 650 | _aDoğa Bilimleri. | ||
| 942 |
_2ddc _cBK |
||
| 999 |
_c2985 _d2985 |
||